| 000 | 00957nam a22002177a 4500 | ||
|---|---|---|---|
| 999 |
_c11742 _d11742 |
||
| 003 | AR-CdUCM | ||
| 008 | 190404b ||||| |||| 00| 0 spa d | ||
| 040 |
_aMUNICIPALIDAD PROVINCIAL DEL CUSCO _cBIBLIOTECA MUNICIPAL DEL CUSCO |
||
| 082 |
_a343 / _bC74 / 1825 |
||
| 100 |
_aConstant, M. Benjamin _929246 |
||
| 245 | _aCurso de política constitucional / | ||
| 260 |
_aParís : _bLibrería de Parmantier, _c1825. |
||
| 300 |
_a309 paginas ; _c17 cm. |
||
| 500 | _aDedicatoria | ||
| 505 | _aContenido : De los diferentes géneros de reacciones -- De los deberes del gobierno en las reacciones contra los hombres -- De los deberes del gobierno en las reacciones contra las ideas -- De la conducta de los escritores actuales -- Continuación del mismo asunto -- De los principios. | ||
| 650 |
_aPolítica constitucional _929247 |
||
| 650 |
_aProcesos y penas _929248 |
||
| 650 |
_aLegislación _92962 |
||
| 942 |
_2ddc _cLIBROS |
||
| 945 |
_awnts _d2019-04-04 |
||